000 00880nas a2200289 4500
001 BR0808202
003 BR-BrBNA
005 20231205112820.0
007 ta
008 230509b bl.|||p| |||| 00| 00por d
040 _aBR-BrBNA
_bpor
_cBiblioteca Nacional de Agricultura
041 _a(En)
072 _aL70; L73
100 1 _aMontassier, H.J.
100 1 _aBechara, G.H.
100 1 _aMalheiros, E.B.
100 1 _aPinto, A.A.
245 1 _aA pro-inflamatory effect of foot and mouth disease virus on immune and non imune guinea pig
650 _aPORCO
650 _aCOBAIA
650 _aAFTOSA
650 _aVETERINÁRIA
650 _aDOENÇA ANIMAL
773 0 _tBrazilian Journal of Veterinary Research and Animal Science (Brazil)
_xISSN 1413-9596
_g(1992), v. 29 p. 384-389
_wBR0808202
909 _a202311
_bLúcia
_c55
_dLúcia Elande
942 _2AGRIS
_n0
_cANA
999 _c200151
_d200151